[Event "JUG-chT"]
[Site "Zlatibor"]
[Date "1989.??.??"]
[Round "?"]
[White "Cebalo, Miso"]
[Black "Marjanovic, Slavoljub"]
[Result "1/2-1/2"]
[WhiteElo "2485"]
[BlackElo "2465"]

1.d4 d5 2.Nf3 c5 3.c4 dxc4 4.e4 cxd4 5.Qxd4 Qxd4 6.Nxd4 Bd7 7.Bxc4 Nc6 8.Nxc6 Bxc6
9.Nc3 e6 10.f3 a6 11.Kf2 Bc5+ 12.Be3 Bxe3+ 13.Kxe3 Nf6 14.Ne2 e5 15.Nc3 Ke7
16.g4 Rhc8 17.Rac1 Rc7 18.Rhd1 Rac8 19.Bb3 Nd7 20.Rd2 Nb6 21.Rcd1 Rd7 22.Rxd7+ Bxd7
23.g5  1/2-1/2

[Event "Balassagyarmat"]
[Site "Balassagyarmat"]
[Date "1990.??.??"]
[Round "1"]
[White "Moskalenko, Viktor"]
[Black "Mueller, Karsten"]
[Result "1/2-1/2"]
[WhiteElo "2525"]
[BlackElo "2380"]

1.d4 d5 2.c4 dxc4 3.Nf3 a6 4.e3 Nf6 5.Bxc4 e6 6.O-O c5 7.Bd3 Nc6 8.Nc3 Qc7
9.Qe2 Bd7 10.a3 Be7 11.dxc5 Bxc5 12.b4 Bd6 13.Bb2 Ne5 14.Nxe5 Bxe5 15.Rac1 Qd8
16.Rfd1 Rc8 17.f4 Bb8 18.Ne4 Rxc1 19.Nxf6+ gxf6 20.Rxc1 e5 21.Be4 Qb6 22.fxe5 fxe5
23.Qf3 Ba7 24.Rc5 f6 25.Bxb7 Ke7 26.Bd5 Rc8 27.Rxc8 Qxe3+ 28.Qxe3 Bxe3+ 29.Kf1 Bxc8
30.Ke2 Bg1 31.h3 Bb6 32.Bc3 Bd7 33.g4 Be8 34.Bb7 Bb5+ 35.Kf3 Bf1 36.h4 Bd3
37.Be4 Bxe4+ 38.Kxe4 Ke6 39.h5 Bc7 40.Bd2 Bb8 41.a4 Ba7 42.Bh6 Bb6 43.Bd2 Ba7
44.b5 axb5 45.axb5 Bb6 46.Bb4 Bf2 47.Ba5 Kd6 48.Bd8 Bh4 49.Bb6 Be1 50.Be3 Bg3
51.Kf5 Bh4 52.b6 Kd7 53.Bc5 Kc6 54.Be3 Kd7 55.Ke4 Kc6 56.Kd3 Be1 57.Ke4 Ba5
58.g5 fxg5 59.Bxg5 Bxb6 60.Kxe5 Kd7  1/2-1/2

[Event "Barcelona Vulca"]
[Site "Barcelona"]
[Date "1990.??.??"]
[Round "3"]
[White "Campos Moreno, Javier B"]
[Black "Westerinen, Heikki MJ"]
[Result "1-0"]
[WhiteElo "2440"]
[BlackElo "2475"]

1.d4 d5 2.c4 dxc4 3.Nf3 a6 4.e3 Nf6 5.Bxc4 e6 6.O-O c5 7.Bd3 Nc6 8.Nc3 cxd4
9.exd4 Be7 10.Bg5 Nd5 11.Nxd5 Qxd5 12.Bxe7 Nxe7 13.Re1 h6 14.Qa4+ Bd7 15.Qa3 Bc6
16.Be4 Qd8 17.Bxc6+ bxc6 18.Rac1 O-O 19.Rc4 Ra7 20.Ne5 Qd5 21.Rec1 Rc8 22.h3 Rcc7
23.Ra4 Nf5 24.Rc5 Qe4 25.Qd3 Qxd3 26.Nxd3 Rd7 27.Rcc4 f6 28.Nc5 Rd6 29.g3 Kf7
30.Kg2 e5 31.dxe5 Rd2 32.e6+ Ke7 33.Rc3 Rxb2 34.Nd3 Rb6 35.Re4 Nd6 36.Re2 g5
37.f4 f5 38.Ne5 Rc7 39.Rd3 Ne4 40.Rd7+ Rxd7 41.exd7 gxf4 42.gxf4 Rb1 43.Kf3 Rg1
44.Ke3 c5 45.Kd3 Rd1+ 46.Kc2 Rf1 47.Kb3 Rb1+ 48.Ka3 Rh1 49.Rb2 Rxh3+ 50.Ka4 c4
51.Rb8 Nc5+ 52.Kb4 Nxd7 53.Rb7 Rd3 54.Nxd3 cxd3 55.Kc3 Ke6 56.Rc7 Kd6 57.Ra7 Nc5
58.Rf7 Ke6 59.Rh7 Kd5 60.Rxh6 Ke4 61.Rc6 Kd5 62.Rc8 a5 63.Rd8+ Ke4 64.Kc4  1-0

[Event "Noviki-A"]
[Site "Budapest"]
[Date "1990.??.??"]
[Round "1"]
[White "Farago, Ivan"]
[Black "Kallai, Gabor"]
[Result "1/2-1/2"]
[WhiteElo "2475"]
[BlackElo "2420"]

1.d4 d5 2.c4 dxc4 3.Nf3 c5 4.d5 e6 5.Nc3 exd5 6.Qxd5 Qxd5 7.Nxd5 Bd6 8.Nd2 Nc6
9.Nxc4 Bb8 10.e4 Nd4 11.Bd3 Ne7 12.Be3 Be6 13.O-O-O Nxd5 14.exd5 Bxd5 15.Bxd4 cxd4
16.Rhe1+ Kf8 17.Bf1 Bf4+ 18.Kb1 Bxc4 19.Bxc4 Rd8 20.Re4 g5 21.g3 Bc7 22.Rdxd4 Rxd4
23.Rxd4 Ke7 24.h4 h6 25.hxg5 hxg5 26.Re4+  1/2-1/2

[Event "Spring op"]
[Site "Budapest"]
[Date "1990.??.??"]
[Round "3"]
[White "Adler, Joel"]
[Black "Sulava, Nenad"]
[Result "1/2-1/2"]
[WhiteElo "2265"]
[BlackElo "2425"]

1.d4 d5 2.c4 dxc4 3.Nf3 a6 4.e4 b5 5.a4 Bb7 6.axb5 axb5 7.Rxa8 Bxa8 8.Nc3 e6
9.Nxb5 Bxe4 10.Bxc4 Bxf3 11.Qxf3 Bb4+ 12.Ke2 Ne7 13.Bf4 Ba5 14.Ra1 Bb6 15.Qb7 O-O
16.Bxc7 Bxc7 17.Qxc7 Nbc6 18.Qxd8 Rxd8 19.Rd1 g5 20.g4 Kg7 21.Ke3 Ng6 22.Nc3 Nh4
23.f3 Ng2+ 24.Kf2 Nf4 25.d5 Ne5 26.b3 exd5 27.Nxd5 Nxc4 28.bxc4 Nxd5 29.Rxd5 Rxd5
30.cxd5 Kf6 31.f4 gxf4 32.Kf3 Ke5 33.h4 f6 34.d6 Kxd6 35.Kxf4 h5 36.gxh5  1/2-1/2

[Event "Budapest IM-B"]
[Site "Budapest"]
[Date "1990.??.??"]
[Round "7"]
[White "Kustar, Sandor"]
[Black "Bouton, Christophe"]
[Result "1-0"]
[WhiteElo "2265"]
[BlackElo "2275"]

1.Nf3 d5 2.d4 c5 3.c4 dxc4 4.d5 Nf6 5.Nc3 e6 6.e4 exd5 7.e5 Nfd7 8.Nxd5 Nb6
9.Nxb6 Qxd1+ 10.Kxd1 axb6 11.Bxc4 Bg4 12.h3 Bxf3+ 13.gxf3 Nc6 14.f4 Be7 15.Be3 O-O
16.Ke2 Rfd8 17.Rhd1 Kf8 18.Kf3 Ra4 19.Rxd8+ Bxd8 20.Rc1 g5 21.Bb3 Ra8 22.fxg5 Nxe5+
23.Ke4 Bc7 24.f4 Ng6 25.Kf3 Re8 26.Rc3 Rd8 27.Kg4 Bxf4 28.Bxf4 Rd4 29.Rf3 Ne5+
30.Kg3 Nxf3 31.Kxf3 Kg8 32.Ke3 b5 33.a3 Rd8 34.Bc2 Re8+ 35.Be4 f5 36.gxf6 Kf7
37.Bd6 Kxf6 38.Bxc5 Kg5 39.Kd4 Rd8+ 40.Kc3 Rd7 41.Kb4 Kf4 42.Bb1 h5 43.Kxb5 h4
44.b4 Rg7 45.Ba2 Ke5 46.Bc4 Rg3 47.Bf1 Rxa3 48.Bg2 Rg3 49.Bxb7 Rxh3 50.Kc4 Rg3
51.b5 Rg4+ 52.Kd3 h3 53.b6 Rg3+ 54.Kd2 Rb3 55.Bc6 h2 56.b7 Rb5 57.Bxb5 h1=Q
58.b8=Q+ Kf5 59.Qf8+ Kg4 60.Bd7+  1-0

[Event "Noviki-A"]
[Site "Budapest"]
[Date "1990.??.??"]
[Round "7"]
[White "Roeder, Mathias"]
[Black "Kallai, Gabor"]
[Result "1/2-1/2"]
[WhiteElo "2450"]
[BlackElo "2420"]

1.d4 d5 2.c4 dxc4 3.Nf3 c5 4.e3 cxd4 5.exd4 Be6 6.Nc3 Nf6 7.Ne5 Nc6 8.Nxc6 bxc6
9.Qa4 Qd7 10.Bxc4 Bxc4 11.Qxc4 g6 12.Bf4 Bg7 13.O-O Nd5 14.Be5 Bxe5 15.dxe5 Nxc3
16.Qxc3 O-O 17.Rac1 Qe6 18.b3 a5 19.f4 Rfc8 20.f5 gxf5 21.Qg3+ Kh8 22.Qf4 a4
23.Qxf5 Qxf5 24.Rxf5 axb3 25.axb3 Kg7 26.Rc4 Ra1+ 27.Kf2 Ra2+ 28.Kg3 e6 29.Rg4+ Kf8
30.Rh5 Rb8 31.b4 Ra3+ 32.Kh4 Ra4 33.Rxh7 Rbxb4 34.Rh8+ Ke7 35.Rxb4 Rxb4+
36.g4 Re4 37.Rc8 Kd7 38.Rf8 Ke7 39.Rc8 Kd7 40.Rf8 Ke7  1/2-1/2

[Event "Cannes op2"]
[Site "Cannes"]
[Date "1990.??.??"]
[Round "?"]
[White "Moskalenko, Viktor"]
[Black "Kallai, Gabor"]
[Result "0-1"]
[WhiteElo "2525"]
[BlackElo "2420"]

1.d4 d5 2.c4 dxc4 3.Nf3 c5 4.d5 e6 5.Nc3 Nf6 6.e4 exd5 7.e5 Nfd7 8.Qxd5 Nb6
9.Qxd8+ Kxd8 10.Bg5+ Be7 11.O-O-O+ Ke8 12.Nb5 Na6 13.Nd6+ Bxd6 14.exd6 f6
15.Re1+ Kd7 16.Bf4 Re8 17.Be2 Nb4 18.a3 Rxe2 19.axb4 Rxe1+ 20.Rxe1 Nd5 21.Bg3 cxb4
22.Rd1 Kc6 23.Nd4+ Kc5 24.Nb5 Kxb5 25.Rxd5+ Kc6 26.d7 Bxd7 27.Rd6+ Kc7 28.Rxf6+ Kd8
29.Rf7 a5 30.Rxg7 a4 31.Rg8+ Be8 32.Rg7 b5 33.Bc7+ Kc8 34.Be5 a3 35.bxa3 Rxa3
36.Rc7+ Kd8 37.Rb7 c3  0-1

[Event "Cannes op"]
[Site "Cannes"]
[Date "1990.??.??"]
[Round "5"]
[White "Astolfi, Frederic"]
[Black "Renaudin, Jean Philippe"]
[Result "0-1"]
[WhiteElo "2255"]
[BlackElo "2050"]

1.d4 d5 2.c4 dxc4 3.Nf3 a6 4.e3 b5 5.a4 c6 6.axb5 cxb5 7.b3 e6 8.bxc4 b4
9.Bd3 Nf6 10.O-O Bb7 11.Bb2 Be7 12.Nbd2 Nbd7 13.Ng5 a5 14.f4 Qc7 15.e4 h6
16.Nxf7 Kxf7 17.e5 a4 18.exf6 Nxf6 19.f5 exf5 20.Bxf5 a3 21.Bc1 Rhd8 22.Qe2 Kg8
23.Nb3 Kh8 24.Bf4 Bd6 25.Be5 Re8 26.Rae1 Qc6 27.Qd2 Rf8 28.Be4 Qxc4 29.Rxf6 Bxe5
30.Rxh6+ Kg8 31.Bh7+ Kf7 32.Rxe5 gxh6 33.Qxh6 Ra6 34.Qh5+ Kg7 35.Rg5+ Kf6
36.Rf5+ Ke7 37.Qg5+ Raf6 38.Re5+ Kd8 39.Nc5  0-1

[Event "JUG-chT Cetinje"]
[Site "Cetinje"]
[Date "1990.??.??"]
[Round "3"]
[White "Lalic, Bogdan"]
[Black "Drasko, Milan"]
[Result "1/2-1/2"]
[WhiteElo "2475"]
[BlackElo "2445"]

1.d4 d5 2.c4 dxc4 3.Nf3 a6 4.e3 Nf6 5.Bxc4 e6 6.a3 c5 7.O-O b5 8.Ba2 Bb7
9.Nc3 Be7 10.dxc5 Qxd1 11.Rxd1 Bxc5 12.b4 Be7 13.Nd4 Nbd7 14.Nb3 Rc8 15.Bb2  1/2-1/2

[Event "Cordoba op"]
[Site "Cordoba"]
[Date "1990.??.??"]
[Round "?"]
[White "Vladimirov, Evgeny"]
[Black "Westerinen, Heikki MJ"]
[Result "1-0"]
[WhiteElo "2565"]
[BlackElo "2475"]

1.d4 d5 2.c4 dxc4 3.Nf3 c5 4.d5 e6 5.Nc3 exd5 6.Qxd5 Qxd5 7.Nxd5 Bd6 8.Nd2 Nc6
9.Nxc4 Bb8 10.g3 Nd4 11.Nce3 Bd7 12.b4 Bc6 13.Bg2 Ne7 14.Bb2 Be5 15.Rc1 Nxd5
16.Bxd5 cxb4 17.Rxc6 Nxc6 18.Bxc6+ bxc6 19.Bxe5 f6 20.Bd6 a5 21.Nc4 Kd7 22.e4 c5
23.Bxc5 Kc6 24.Be3 Kb5 25.Nd6+ Ka4 26.Ke2 Rhd8 27.Nb7 Rdb8 28.Nc5+ Kb5 29.Rd1 Rd8
30.a4+ bxa3 31.Rb1+ Kc6 32.Ra1 a4 33.Rxa3 Kb5 34.Ne6 Rd7 35.Ra1 a3 36.Rb1+ Kc4
37.Bd2 Ra4 38.Rc1+ Kb5 39.Nc5 Rxd2+ 40.Kxd2 Rc4 41.Nd3 Rxe4 42.Ra1 Ra4 43.Kc3 h5
44.Rb1+ Kc6 45.Kb3 Ra8 46.Ra1 h4 47.Rxa3 Rxa3+ 48.Kxa3 Kd5 49.Kb3 Ke4 50.Ne1 hxg3
51.hxg3 f5 52.Kc3 f4 53.Kd2  1-0

[Event "SWE-ch"]
[Site "Gothenburg"]
[Date "1990.??.??"]
[Round "?"]
[White "Engqvist, Thomas"]
[Black "Holst, Conny"]
[Result "1-0"]
[WhiteElo "2335"]
[BlackElo "2285"]

1.d4 d5 2.c4 dxc4 3.Nf3 c5 4.d5 e6 5.Nc3 Nf6 6.e4 exd5 7.e5 Nfd7 8.Bg5 Be7
9.Bxe7 Qxe7 10.Nxd5 Qd8 11.Bxc4 Nc6 12.O-O O-O 13.Re1 Nb6 14.Nxb6 Qxb6 15.Ng5 Nd4
16.b4 Bf5 17.bxc5 Qxc5 18.Rc1 Qb6 19.Qh5 Bg6 20.Qh4 Rad8 21.e6 Nf5 22.Qh3 Kh8
23.e7 Nxe7 24.Rxe7 Rc8 25.Rxf7 Rfe8 26.Qc3 Bxf7 27.Nxf7+ Kg8 28.Nd6+ Kh8
29.Nxe8  1-0

[Event "HUN-chop"]
[Site "Gyor"]
[Date "1990.??.??"]
[Round "4"]
[White "Kiselev, Sergey"]
[Black "Nemeth, Zoltan"]
[Result "1/2-1/2"]
[WhiteElo "2440"]
[BlackElo "2360"]

1.d4 d5 2.c4 dxc4 3.Nf3 c5 4.d5 e6 5.e4 exd5 6.exd5 Nf6 7.Nc3 Bd6 8.Bxc4 O-O
9.O-O Bg4 10.Bg5 Nbd7 11.Ne4 Be5 12.h3 Bxf3 13.Qxf3 Qb6 14.Ng3 Bxg3 15.fxg3 Qxb2  1/2-1/2

[Event "HUN-chop"]
[Site "Gyor"]
[Date "1990.??.??"]
[Round "6"]
[White "Danner, Georg"]
[Black "Nemeth, Zoltan"]
[Result "1/2-1/2"]
[WhiteElo "2330"]
[BlackElo "2360"]

1.d4 d5 2.c4 dxc4 3.Nf3 c5 4.e3 cxd4 5.exd4 Be6 6.Nc3 Nf6 7.Ne5 Nc6 8.Qa4 Qa5
9.Nxc6 Qxa4 10.Nxa4 bxc6 11.Be3 Nd7 12.Rc1 Nb6 13.Nxb6 axb6 14.Bxc4 Bxc4
15.Rxc4 Kd7 16.a4 b5 17.axb5 cxb5 18.Rc1 e6 19.Bf4 Bd6 20.Bxd6 Kxd6 21.Ke2 Ra4
22.Rhd1 Rb4 23.Rd2 Ra8 24.g4 Ra2 25.Rcc2 g5 26.Ke3 h6 27.h4 gxh4 28.f4 f5
29.gxf5 exf5 30.Rc5 Raxb2 31.Rxb2 Rxb2 32.Rxf5 b4 33.Kd3 Rf2 34.Kc4 Ke6 35.Rf8 Ke7
36.Rf5 Ke6 37.Rf8 h3 38.Rh8 Kf5 39.Rxh6 Kg4 40.Kxb4 Rxf4 41.Kc5 Rf5+ 42.d5 Rh5
43.Rxh5 Kxh5  1/2-1/2

[Event "Helsinki"]
[Site "Helsinki"]
[Date "1990.??.??"]
[Round "1"]
[White "Yrjola, Jouni"]
[Black "Vladimirov, Evgeny"]
[Result "1/2-1/2"]
[WhiteElo "2495"]
[BlackElo "2565"]

1.d4 d5 2.c4 dxc4 3.Nf3 a6 4.e3 Nf6 5.Bxc4 e6 6.O-O c5 7.dxc5 Bxc5 8.Qe2 b5
9.Bd3 Nc6 10.a3 Bd6 11.b4 Ne5 12.Nxe5 Bxe5 13.Ra2 O-O 14.Nd2 Bb7 15.Nf3 Bxf3
16.gxf3 Nd5 17.Bd2 Rc8 18.f4 Bc3 19.Rc2 g6 20.Rfc1 Bxd2 21.Rxc8 Bxc1 22.Rxd8 Rxd8
23.Be4 Bxa3 24.Qa2 Bxb4 25.Qxa6 Nc3 26.Bc6 Be7 27.Bxb5 Bh4 28.Kg2 Kg7 29.Bd3 Bf6
30.Qc4 Nd5 31.h3 Rb8 32.Be4 Nc3 33.Bf3 Rb2 34.Kg3 Nb5 35.Qc5 Nc3 36.Qc7 Rc2
37.Qb7 Rd2 38.Bc6 Rd1 39.Kg2 Rd8 40.Bf3 Rd2 41.Qc7 Nb5 42.Qc1 Ra2 43.Qc4 Rb2
44.Qc5 Nc3 45.Qc6 Na2 46.Kg3 Rd2 47.Qc4 Nc3 48.Qb4  1/2-1/2

[Event "JUG-sf"]
[Site "Kladovo"]
[Date "1990.??.??"]
[Round "1"]
[White "Orel, Oskar"]
[Black "Sulava, Nenad"]
[Result "1/2-1/2"]
[WhiteElo "2340"]
[BlackElo "2425"]

1.d4 d5 2.c4 dxc4 3.Nf3 a6 4.a4 Nf6 5.Nc3 Nc6 6.e4 Na5 7.Ne5 e6 8.Nxc4 Bb4
9.Nxa5 Bxa5 10.Qd3 c5 11.dxc5 Qc7 12.Qc4 b5 13.cxb6 Qxb6 14.e5 Nd7 15.Be2 Bb7
16.Qf4 Qc5 17.O-O Qxe5 18.Qxe5 Nxe5 19.Bf4 f6 20.Rfd1 Rc8 21.Rd6 Ke7 22.Rad1 Rhd8
23.Rxd8 Bxd8 24.Bxe5 fxe5 25.Bd3 Ba5 26.Be4 Bxe4 27.Nxe4 Rc4 28.f3 Rxa4 29.Rc1 Rb4
30.Ra1 Bb6+ 31.Kf1 a5 32.Ra2 Kd7 33.h3 h6 34.Ke2 Kc6 35.Kd3 Kb5 36.Nd6+ Ka6
37.Ne4 Bd4 38.Kc2 Rc4+ 39.Kd2 Rb4 40.Kc2 Rb6 41.b3 Rc6+ 42.Kd3  1/2-1/2

[Event "Leon"]
[Site "Leon"]
[Date "1990.??.??"]
[Round "3"]
[White "Bass, Leonid"]
[Black "Garcia Palermo, Carlos"]
[Result "1/2-1/2"]
[WhiteElo "2485"]
[BlackElo "2460"]

1.d4 d5 2.c4 dxc4 3.Nf3 c5 4.d5 e6 5.Nc3 exd5 6.Qxd5 Qxd5 7.Nxd5 Bd6 8.Nd2 Nc6
9.Nxc4 Bb8 10.e4 Nd4 11.Bd3 Be6 12.O-O Ne7 13.Nce3 Bd6 14.Nc4 Bb8 15.Nce3 Bd6
16.Nc4  1/2-1/2

[Event "Mar del Plata op"]
[Site "Mar del Plata"]
[Date "1990.??.??"]
[Round "?"]
[White "Cifuentes Parada, Roberto"]
[Black "Slipak, Sergio"]
[Result "1-0"]
[WhiteElo "2445"]
[BlackElo "2360"]

1.d4 d5 2.c4 dxc4 3.Nf3 a6 4.e3 Nf6 5.Bxc4 e6 6.O-O c5 7.Nc3 b5 8.Bb3 Bb7
9.Qe2 Nbd7 10.Rd1 Qb6 11.d5 Nxd5 12.Nxd5 Bxd5 13.Bxd5 exd5 14.Rxd5 Qb7 15.e4 Nb6
16.Rh5 Be7 17.e5 O-O 18.e6 Bf6 19.Ng5 Bxg5 20.Rxg5 Rae8 21.Qg4 f6 22.Rxc5 Qd7
23.Re5 Qd6 24.Bh6 Re7 25.Re2 f5 26.Bf4 Qc6 27.Qf3 Rxe6 28.Qxc6 Rxc6 29.Rd1 Kf7
30.Re5 Kf6 31.h4 h6 32.h5 Nc8 33.Rd7 Nb6 34.Rb7 Na8 35.Rd5 Re8 36.Be3 Ke6
37.Rc5 Rxc5 38.Bxc5 Kd5 39.b4 a5 40.Rxb5 axb4 41.Bxb4+ Kc4 42.Rb7 Re6 43.a3 Nb6
44.Rxg7 Nd5 45.Rg6 Nf4 46.Rxe6 Nxe6 47.f3 f4 48.Kh2 Kd4 49.Kh3 Ke3 50.a4  1-0

[Event "Moscow op"]
[Site "Moscow"]
[Date "1990.??.??"]
[Round "?"]
[White "Novikov, Igor A"]
[Black "Yakovich, Yuri"]
[Result "0-1"]
[WhiteElo "2575"]
[BlackElo "2520"]

1.d4 d5 2.c4 dxc4 3.Nf3 a6 4.e3 Nf6 5.Bxc4 e6 6.a4 c5 7.O-O Nc6 8.Qe2 cxd4
9.Rd1 Be7 10.exd4 O-O 11.Nc3 Nd5 12.Bd3 Ncb4 13.Bb1 b6 14.Ne4 a5 15.Ne5 f5
16.Nd2 Ba6 17.Ndc4 Bf6 18.Qe1 Qc7 19.b3 Bxe5 20.Nxe5 Nc3 21.Rd2 Ne2+ 22.Rxe2 Bxe2
23.Bf4 Nd5 24.Bd2 Ba6 25.Nc4 Bxc4 26.bxc4 Qxc4 27.Qxe6+ Kh8 28.Ba2 Qxd4  0-1

[Event "Moscow op"]
[Site "Moscow"]
[Date "1990.??.??"]
[Round "?"]
[White "Ruf, Matthias"]
[Black "Donchenko, Anatoly G"]
[Result "0-1"]
[WhiteElo "2395"]
[BlackElo "2315"]

1.d4 d5 2.c4 dxc4 3.Nf3 a6 4.Nc3 e6 5.e3 Nf6 6.Bxc4 c5 7.Qe2 b5 8.Bd3 Nbd7
9.O-O Bb7 10.Rd1 Qb8 11.b3 Bd6 12.h3 O-O 13.Bb2 cxd4 14.exd4 Rd8 15.Rac1 h6
16.Rd2 Bf4 17.Nd1 Bxf3 18.gxf3 Bxd2 19.Qxd2 Qd6 20.Ne3 Rac8 21.Re1 Qf4 22.Qe2 Nd5
23.Nxd5 exd5  0-1

[Event "Moscow op"]
[Site "Moscow"]
[Date "1990.??.??"]
[Round "?"]
[White "Vul, Arkadi Eremeevich"]
[Black "Bagirov, Vladimir"]
[Result "1/2-1/2"]
[WhiteElo "2370"]
[BlackElo "2475"]

1.d4 d5 2.c4 dxc4 3.Nf3 a6 4.e3 Bg4 5.Bxc4 e6 6.Nc3 Nf6 7.h3 Bh5 8.g4 Bg6
9.Ne5 Nbd7 10.Nxg6 hxg6 11.Bf1 e5 12.Bg2 exd4 13.exd4 Rb8 14.Bf4 Bd6 15.Qe2+ Qe7
16.Bxd6 cxd6 17.Qxe7+ Kxe7 18.Kd2 Nf8 19.Nd5+ Nxd5 20.Bxd5 Ne6 21.Rac1 Kd7
22.Bxe6+ fxe6 23.f4 Rbf8 24.Ke3 Rc8 25.Rxc8 Rxc8 26.Kd3 Ke7 27.h4 Kf6 28.Kd2 b5
29.a3 Rc4 30.Kd3 e5 31.fxe5+ dxe5 32.dxe5+ Kxe5 33.Re1+ Kd5 34.Re7 Rxg4 35.Rxg7 Ke5
36.Rh7 Rg3+ 37.Kc2 Rh3 38.Ra7 Rxh4 39.Rxa6 g5 40.Rb6 g4 41.Rxb5+ Kf4 42.Kd3 Rh2
43.Rb8 g3 44.Rf8+ Kg4 45.b4 Ra2 46.b5 Rxa3+ 47.Ke4 Ra4+ 48.Kd5  1/2-1/2

[Event "Moscow1"]
[Site "Moscow"]
[Date "1990.??.??"]
[Round "?"]
[White "Yuferov, Sergey  N"]
[Black "Maljutin, Evgeni"]
[Result "1/2-1/2"]
[WhiteElo "2435"]
[BlackElo "2340"]

1.d4 d5 2.c4 dxc4 3.Nf3 c5 4.Nc3 cxd4 5.Qxd4 Qxd4 6.Nxd4 Bd7 7.e4 Nc6 8.Nxc6 Bxc6
9.Bxc4 e6 10.f3 Bc5 11.Ke2 Nf6 12.Be3 Bxe3 13.Kxe3 Ke7 14.Rhd1 Rhd8 15.a4 a5
16.b3 Nd7 17.Rab1 Ne5 18.Be2 Rxd1 19.Rxd1 g5 20.Nb1 Rc8 21.Rc1 b6 22.Na3 Bd7
23.Rxc8 Bxc8 24.Bb5 Kd6 25.Kd4 f6 26.Nc2 h5 27.Ne3 h4 28.Be2 Nc6+ 29.Kc3 Kc5
30.Ng4 f5 31.Nf2 Ne5 32.Nh3 Nf7 33.f4 g4 34.Nf2 Bb7 35.g3 hxg3 36.hxg3 Nd6
37.e5 Ne4+ 38.Nxe4+ Bxe4 39.Bb5 Bc6 40.Ba6 b5 41.axb5 Bxb5 42.Bb7 Bc6  1/2-1/2

[Event "Moscow2"]
[Site "Moscow"]
[Date "1990.??.??"]
[Round "?"]
[White "Kiselev, Sergey"]
[Black "Yuferov, Sergey  N"]
[Result "1/2-1/2"]
[WhiteElo "2450"]
[BlackElo "2435"]

1.d4 d5 2.c4 dxc4 3.Nf3 c5 4.d5 e6 5.e4 exd5 6.exd5 Bd6 7.Na3 Nf6 8.Nxc4 O-O
9.Be2 h6 10.O-O Nxd5 11.Qb3 Nc6 12.Rd1 Be6 13.Qxb7 Ncb4 14.Qb5 Rb8 15.Qa4 Nb6
16.Nxb6 axb6 17.Bf4 Ra8 18.Qb5 Bd5 19.Bxd6 Qxd6 20.Bc4 Bxc4 21.Qxc4 Qf6 22.Qb3 Rfd8
23.a3 Na6 24.Re1 Nc7 25.Re4 Re8 26.Rxe8+ Rxe8 27.Kf1 b5 28.Rd1 Rd8 29.Re1 Qf5
30.Qc3 Ne6 31.Ne5 Qh5 32.h3 Rd1 33.Nd3  1/2-1/2

[Event "Moscow1"]
[Site "Moscow"]
[Date "1990.??.??"]
[Round "?"]
[White "Ivanenko, S."]
[Black "Maljutin, Evgeni"]
[Result "0-1"]
[WhiteElo "2350"]
[BlackElo "2340"]

1.d4 d5 2.c4 dxc4 3.Nf3 c5 4.d5 e6 5.e4 exd5 6.exd5 Nf6 7.Bxc4 Bd6 8.O-O O-O
9.Bg5 a6 10.a4 Bg4 11.Ra3 Nbd7 12.Re1 h6 13.Bh4 Ne5 14.Be2 Ng6 15.Bxf6 Qxf6
16.Nfd2 Bf5 17.Nc4 Rad8 18.Rb3 Nf4 19.Ne3 Rfe8 20.Bf3 Nh3+ 21.Kf1 Bxb1 22.Qxb1 Ng5
23.Nc4 Bxh2 24.d6 Rxe1+ 25.Qxe1 Qd4 26.Be2 Bxd6 27.Rd3 Qh4 28.f3 Qh1+  0-1

[Event "Moscow2"]
[Site "Moscow"]
[Date "1990.??.??"]
[Round "?"]
[White "Khenkin, Igor"]
[Black "Yuferov, Sergey  N"]
[Result "1/2-1/2"]
[WhiteElo "2450"]
[BlackElo "2435"]

1.d4 d5 2.Nf3 c5 3.c4 dxc4 4.d5 e6 5.Nc3 exd5 6.Qxd5 Qxd5 7.Nxd5 Na6 8.e4 Ne7
9.Bxc4 Nxd5 10.exd5 Bd6 11.Nd2 O-O 12.Bxa6 bxa6 13.Nc4 Rd8 14.O-O Bf5 15.Rd1 Bc2
16.Rd2 Bg6 17.b3 f6 18.Ba3 Bf4 19.Ne3 Rac8 20.Rad1 Rd7 21.Rc1 Be4 22.Rxc5 Rxc5
23.Bxc5 Bxe3 24.Bxe3 Rxd5 25.Rxd5 Bxd5 26.Bxa7 Kf7 27.f3 Ke6 28.Kf2 Bc6 29.Ke3 Kd5
30.h4 h5 31.Bd4 Bd7 32.Bc3 Bf5 33.Kd2 Kc5 34.Ba5 Bd7 35.a4 Be6 36.Kc3 g5
37.Bd8 gxh4 38.Bxf6 h3 39.gxh3 Bxh3 40.Be7+ Kd5 41.Kb4 Ke5 42.Ka5 Bf1 43.Bg5 Kf5
44.Be3 h4 45.Bf2 Kf4 46.Bxh4 Kxf3  1/2-1/2

[Event "New York op"]
[Site "New York"]
[Date "1990.??.??"]
[Round "1"]
[White "Bonin, Jay R"]
[Black "Dlugy, Maxim"]
[Result "0-1"]
[WhiteElo "2385"]
[BlackElo "2525"]

1.d4 d5 2.c4 dxc4 3.Nf3 a6 4.e3 e6 5.Bxc4 c5 6.a4 Nf6 7.Nc3 Nc6 8.O-O Qc7
9.Qe2 Be7 10.Rd1 O-O 11.h3 Rd8 12.b3 Nb4 13.Bb2 Bd7 14.dxc5 Bxc5 15.Ng5 Bd6
16.Rac1 Bc6 17.Nf3 Qa5 18.Nd4 Qe5 19.f4 Qa5 20.Nxc6 Nxc6 21.Bd3 Qb6 22.Kh1 Qxb3
23.Rb1 Qb6 24.Nd5 Nxd5 25.Bxh7+ Kxh7 26.Qh5+ Kg8 27.Bxg7 Kxg7 28.Rxb6 Nxb6
29.Qg5+ Kf8 30.e4 Be7 31.Qh6+ Ke8 32.Rb1 Nxa4 33.f5 Nc5 34.fxe6 fxe6 35.h4 Kd7
36.h5 Rh8 37.Qd2+ Kc7 38.g4 Rag8  0-1

[Event "Novi Sad ol (Men)"]
[Site "Novi Sad"]
[Date "1990.??.??"]
[Round "7"]
[White "Cifuentes Parada, Roberto"]
[Black "Barua, Dibyendu"]
[Result "1/2-1/2"]
[WhiteElo "2480"]
[BlackElo "2490"]

1.d4 d5 2.c4 dxc4 3.Nf3 a6 4.e3 Bg4 5.Bxc4 e6 6.h3 Bh5 7.Nc3 Nf6 8.g4 Bg6
9.Ne5 Nbd7 10.Nxg6 hxg6 11.Qf3 Rb8 12.Bd2 c5 13.Rd1 Qb6 14.Bc1 Be7 15.Bf1 O-O
16.Bg2 Rfd8 17.O-O cxd4 18.Rxd4 Ne5 19.Rxd8+ Qxd8 20.Qe2 b5 21.f4 Ned7 22.b3 Qb6
23.Kh2 Rc8 24.Bb2 Bd6 25.g5 Nh5 26.Ne4 Bb8 27.Qd2 Nf8 28.Bd4 Qd6 29.Kg1 Qe7
30.Qb2 Nd7 31.Rc1 Rd8 32.Rc6 e5 33.fxe5 Nxe5 34.Rxa6 Nd7 35.Qc3 Ng3 36.Nxg3 Bxg3
37.Rc6 Qxg5 38.Rc8 Rxc8 39.Qxc8+ Nf8 40.Bc5 Qf6 41.Qxf8+ Kh7 42.e4 Qa1+ 43.Bf1 Qxa2
44.Bxb5 Qh2+ 45.Kf1 Qh1+ 46.Ke2 Qxe4+ 47.Be3  1/2-1/2

[Event "Novi Sad ol (Men)"]
[Site "Novi Sad"]
[Date "1990.??.??"]
[Round "14"]
[White "Dive, Russell John"]
[Black "Westerinen, Heikki MJ"]
[Result "1/2-1/2"]
[WhiteElo "2290"]
[BlackElo "2450"]

1.d4 d5 2.c4 dxc4 3.Nf3 a6 4.e3 Nf6 5.Bxc4 e6 6.O-O c5 7.Bd3 Nc6 8.a3 cxd4
9.exd4 Be7 10.Bc2 b5 11.Qd3 Bb7 12.Nc3 Rc8 13.Bg5 Nd5 14.Ne4 Bxg5 15.Nexg5 Nf4
16.Qe4 Nxd4 17.Qxb7 Nxf3+ 18.Nxf3 Rxc2 19.Qxa6 Qd5 20.Rad1 Qc6 21.Rd6 Qxa6
22.Rxa6 Ke7 23.b4 Ne2+ 24.Kh1 Rhc8 25.g3 Ra2 26.Ng5 Kf6 27.Ne4+ Kg6 28.Nd6  1/2-1/2

[Event "URS-chT"]
[Site "Podolsk"]
[Date "1990.??.??"]
[Round "?"]
[White "Yuneev, Alexey"]
[Black "Meister, Yakov"]
[Result "1/2-1/2"]
[WhiteElo "2380"]
[BlackElo "2395"]

1.d4 d5 2.c4 dxc4 3.Nf3 a6 4.e3 Nf6 5.Bxc4 e6 6.a4 c5 7.Nc3 Nc6 8.O-O Be7
9.Qe2 cxd4 10.Rd1 O-O 11.exd4 Nd5 12.Qe4 Ncb4 13.Ne5 b6 14.Qg4 f5 15.Qe2 Bb7
16.Nxd5  1/2-1/2

[Event "Vysehrad"]
[Site "Prague"]
[Date "1990.??.??"]
[Round "3"]
[White "Stettler, Michael"]
[Black "Szymczak, Zbigniew"]
[Result "1/2-1/2"]
[WhiteElo "2375"]
[BlackElo "2345"]

1.d4 d5 2.c4 dxc4 3.Nf3 a6 4.e3 Nf6 5.Bxc4 e6 6.a4 c5 7.O-O Nc6 8.Qe2 Qc7
9.Nc3 Be7 10.dxc5 Bxc5 11.e4 Ng4 12.g3 O-O 13.Bf4  1/2-1/2

[Event "Rome op"]
[Site "Rome"]
[Date "1990.??.??"]
[Round "6"]
[White "Vaisser, Anatoli"]
[Black "Garcia Palermo, Carlos"]
[Result "1-0"]
[WhiteElo "2540"]
[BlackElo "2460"]

1.d4 d5 2.Nf3 c5 3.c4 dxc4 4.e4 e6 5.Bxc4 cxd4 6.Nxd4 a6 7.Be3 b5 8.Be2 Bb7
9.Nd2 Nf6 10.f3 Nbd7 11.a4 b4 12.N4b3 Be7 13.Nc4 O-O 14.O-O Qb8 15.Qe1 Rc8
16.Qg3 Qxg3 17.hxg3 Nc5 18.Nba5 Nfd7 19.Rfd1 Bc6 20.b3 Bf6 21.Rac1 Bc3 22.Rd6 Nxb3
23.Nxb3 Bxa4 24.Nca5 Nb8 25.Bd2 Kf8 26.Bxc3 bxc3 27.Kf2 Ke7 28.Rd3 c2 29.Rd4 Bxb3
30.Nxb3 Ra7 31.Rc4  1-0

[Event "Wch U20"]
[Site "Santiago"]
[Date "1990.??.??"]
[Round "5"]
[White "Lutz, Christopher"]
[Black "Hernandez, Gilberto"]
[Result "1-0"]
[WhiteElo "2420"]
[BlackElo "2395"]

1.d4 d5 2.c4 dxc4 3.Nf3 a6 4.e3 Nf6 5.Bxc4 b5 6.Bd3 Bb7 7.O-O e6 8.Qe2 Nbd7
9.e4 c5 10.d5 c4 11.Bc2 exd5 12.exd5+ Qe7 13.Re1 Qxe2 14.Rxe2+ Kd8 15.Ng5 Bxd5
16.Nc3 h6 17.Nxd5 hxg5 18.Bxg5 Bd6 19.h4 a5 20.Rd1 Ra6 21.Red2 Re8 22.Nxf6 gxf6
23.Rxd6 Rxd6 24.Rxd6 fxg5 25.Bf5 Re1+ 26.Kh2 Re2 27.Rxd7+ Ke8 28.h5  1-0

[Event "URS-ch U20"]
[Site "Sochi"]
[Date "1990.??.??"]
[Round "?"]
[White "Sakaev, Konstantin"]
[Black "Maljutin, Evgeni"]
[Result "0-1"]
[WhiteElo "2370"]
[BlackElo "2340"]

1.d4 d5 2.Nf3 c5 3.c4 dxc4 4.Nc3 cxd4 5.Qxd4 Qxd4 6.Nxd4 Bd7 7.Ndb5 Na6 8.e4 Nf6
9.f3 e5 10.Be3 Be6 11.Bxa7 Bb4 12.Be3 Ke7 13.Kf2 Ne8 14.Nd5+ Bxd5 15.exd5 Rc8
16.Rc1 Nd6 17.Nxd6 Kxd6 18.Bxc4 Bc5 19.Rhd1 Bxe3+ 20.Kxe3 Nc5 21.b3 f5 22.g3 g5
23.Kf2 Rc7 24.Be2 Ra8 25.b4 Na6 26.Rxc7 Nxc7 27.Rd2 h6 28.Bd3 f4 29.gxf4 exf4
30.Bc4 Ra4 31.Rb2 Na6 32.Re2 Nxb4 33.Re6+ Kc5 34.Bb3 Ra6 35.h4 Nd3+ 36.Kg2 Rxe6
37.dxe6 Kd6 38.hxg5 hxg5 39.Kh3 Ne5 40.Kg2 b6 41.Bd5 Ng6 42.Be4 Nf8 43.Kh3 Kxe6
44.Kg4 Kf6 45.Bd5 Ng6 46.Be4 Ne5+ 47.Kh5 b5 48.Bd5 b4 49.Be4 Nc4 50.Bd5 Ne3
51.Bc6 Nf1 52.Kg4 Kg6 53.Be8+ Kh6 54.Kf5 Nd2 55.Bc6 Kh5 56.Bd5 Kh4 57.Kf6 Nb1
58.Be6 Nc3 59.Kf5 Kg3 60.Kxg5 Kxf3 61.Kf5 Ke3 62.Ke5 f3 63.Bc4 Nxa2  0-1